Venim de fa milions i milions d'anys : la història de la vida al nostre planeta : l'evolució / Anna Crusafont i Sabater ; il·lustracions: Jordi Roca la història de la vida al nostre planeta :
Descripción Física:
[36] p. : il. col. ; 28 cm
Otros Autores:
Roca, Jordi, il
Materias:
Evolució -- Llibres per a infants
MARC
| LEADER | 00000nam a2200000Ia 4500 | ||
|---|---|---|---|
| 001 | 15248 | ||
| 008 | 160829s2003 xx 000 0 cat d | ||
| 080 | |a FU-36-29 | ||
| 100 | |a Crusafont i Sabater, Anna |9 39037 | ||
| 245 | |a Venim de fa milions i milions d'anys : |b la història de la vida al nostre planeta : |b l'evolució / Anna Crusafont i Sabater ; il·lustracions: |b Jordi Roca | ||
| 260 | |a Barcelona : |b Publicacions de l'Abadia de Montserrat, |c 2003 | ||
| 300 | |a [36] p. : |b il. col. ; |c 28 cm | ||
| 590 | |a Editat en col·laboració amb: Diputació de Barcelona, Xarxa de Municipis i Ajuntament de Sabadell | ||
| 650 | |a Evolució |x Llibres per a infants |9 39038 | ||
| 700 | |a Roca, Jordi, il. |9 25831 | ||
| 710 | 1 | |a Sabadell (Catalunya). |b Ajuntament |9 51464 | |
| 710 | 1 | |a Barcelona (Catalunya : Província). |b Diputació |9 52408 | |
| 901 | |a Arxiu | ||
| 942 | |n 1 | ||
| 952 | |0 0 |1 0 |4 0 |6 FU3629 |7 1 |9 48766 |a Arxiu |b Arxiu |d 2016-12-01 |l 0 |o FU-36-29 |p 15248 |r 2016-12-01 00:00:00 |w 2016-12-01 |y ARXIU | ||
| 999 | |c 52597 |d 52597 | ||